000 01258cam a2200229 4500
008 031124n2003 000 0 eng u
020 _a0110475941
035 _a(Sirsi) u124570
041 _aeng
245 _aPrivacy and Electronic Communications (EC Directive) Regulations
260 _c2003
520 _aBrought into force the Privacy and electronic communications directive (Directive 2002/58/EC) in the UK. Under the Directive, unsolicited commercial email and text messages can only be sent if the recipient has agreed in advance and firms who use cookies and similar internet tracking devices will be required to provide information on these devices. The regulations will affect direct marketing, safety, user and traffic data, location data and call services.View at http://www.hmso.gov.uk.
650 _aDIRECTIVE 2002/58/EC
650 _aPRIVACY AND ELECTRONIC COMMUNICATIONS (EC DIRECTIVE) REGULATIONS 2003
650 _aEC DIRECTIVES
650 _aPRIVACY
650 _aELECTRONIC COMMUNICATIONS
650 _aMARKETING
690 _aMANAGEMENT-BUSINESS MANAGEMENT-INFORMATION MANAGEMENT
856 _uhttps://www.legislation.gov.uk/uksi/2003/2426/contents/made
_zView the Regulations at www.legislation.gov.uk
942 _n0
999 _c103246
_d103246